Tipos de raízes de plantas - Statistics

Estatísticas Gerais
  • Esse quiz foi jogado 10 vezes
  • A pontuação média é 4 de 11
Estatísticas das Respostas
Imagem Resposta % Correto
Axial ou pivotante
88%
Fasciculada ou cabeleira
88%
Tuberosa
63%
Cintura ou estrangulante
25%
Escora / Adventícia
25%
Tabular
25%
Aquática
13%
Grampiforme ou aderente
13%
Haustório ou parasita
13%
Respiratória ou pneumatófora
13%
Velame
13%
Nenhum quiz correspondente encontrado
Distribuição das Pontuações
Porcentagem de Pessoas com Cada Pontuação
Percentil de Números Respondidos
Sua Pontuação Histórica
Você não jogou esse quiz